Paroles - Générique Yu-Gi-Oh GX en français - Statistiques

Statistiques générales
  • Ce quiz a été pris 270 fois
  • Le résultat moyen est 64 sur 102
Statistiques - réponses
Réponse % Correct
y
89%
en
78%
duel
77%
garde
77%
On
76%
on
76%
toi
76%
le
74%
est
73%
pour
73%
Yu-Gi-Oh GX
73%
de
72%
génération
72%
72%
la
72%
nouvelle
72%
c'est
70%
mets
69%
academie
66%
ça
66%
gagner
66%
pas
66%
va
64%
arriver
62%
jeu
61%
qui
61%
temps
61%
bon
60%
s'amuser
60%
montrer
59%
s'améliorer
59%
un
59%
veut
59%
ensemble
58%
sans
58%
tu
58%
répit
57%
s'entraine
57%
tous
56%
vraiment
56%
que
55%
n'a
51%
et
49%
mieux
46%
vaut
46%
nous
44%
cartes
39%
moi
39%
précieux
39%
prêt
39%
crois
38%
ne
38%
peut
38%
normal
37%
leur
36%
soit
34%
aies
33%
arrêter
29%
rien
28%
bonnes
21%
ouais
20%
Aucun quiz correspondant
Distribution des résultats
% des personnes avec chaque résultat
Percentile par nombre de réponses
Votre historique - résultats
Vous n’avez pas pris ce quiz